In other words : (Record no. 21606)
[ view plain ]
| 000 -LEADER | |
|---|---|
| fixed length control field | 01519cam a22003615a 4500 |
| 001 - CONTROL NUMBER | |
| control field | 16350472 |
| 003 - CONTROL NUMBER IDENTIFIER | |
| control field | EG-ScBUE |
| 005 - DATE AND TIME OF LATEST TRANSACTION | |
| control field | 20220508105751.0 |
| 008 - FIXED-LENGTH DATA ELEMENTS--GENERAL INFORMATION | |
| fixed length control field | 100727s2011 enka f bd 001 0 eng d |
| 020 ## - INTERNATIONAL STANDARD BOOK NUMBER | |
| International Standard Book Number | 9780415467544 (pbk.) |
| 020 ## - INTERNATIONAL STANDARD BOOK NUMBER | |
| International Standard Book Number | 0415467543 (pbk.) |
| 040 ## - CATALOGING SOURCE | |
| Original cataloging agency | DLC |
| Language of cataloging | eng |
| Description conventions | rda |
| Transcribing agency | DLC |
| Modifying agency | EG-ScBUE |
| 082 04 - DEWEY DECIMAL CLASSIFICATION NUMBER | |
| Edition number | 22 |
| Classification number | 418.02 |
| Item number | BAK |
| 100 1# - MAIN ENTRY--PERSONAL NAME | |
| Personal name | Baker, Mona, |
| Relator term | author. |
| 9 (RLIN) | 39801 |
| 245 10 - TITLE STATEMENT | |
| Title | In other words : |
| Remainder of title | a coursebook on translation / |
| Statement of responsibility, etc | Mona Baker. |
| 250 ## - EDITION STATEMENT | |
| Edition statement | Second edition. |
| 264 #1 - PUBLICATION, DISTRIBUTION, ETC. (IMPRINT) | |
| Place of publication, distribution, etc | London ; |
| -- | New York : |
| Name of publisher, distributor, etc | Routledge, |
| Date of publication, distribution, etc | 2011. |
| 300 ## - PHYSICAL DESCRIPTION | |
| Extent | xviii, 332 pages : |
| Other physical details | illustrations ; |
| Dimensions | 26 cm |
| 336 ## - CONTENT TYPE | |
| Source | rdacontent |
| Content type term | text |
| Content type code | txt |
| 337 ## - MEDIA TYPE | |
| Source | rdamedia |
| Media type term | unmediated |
| Media type code | n |
| 338 ## - CARRIER TYPE | |
| Source | rdacarrier |
| Carrier type term | volume |
| Carrier type code | nc |
| 500 ## - GENERAL NOTE | |
| General note | Includes glossary.<br/> |
| 504 ## - BIBLIOGRAPHY, ETC. NOTE | |
| Bibliography, etc | Includes bibliographical references and index.<br/> |
| 505 0# - FORMATTED CONTENTS NOTE | |
| Formatted contents note | 1. Introduction -- 2. Equivalence at Word Level -- 3. Equivalence Above Word Level -- 4. Grammatical Equivalence -- 5. Textual Equivalence: Thematic and Information Structures -- 6. Textual Equivalence: Cohesion -- 7. Pragmatic Equivalence -- 8. Beyond Equivalence: Ethics and Morality. |
| 650 #7 - SUBJECT ADDED ENTRY--TOPICAL TERM | |
| Topical term or geographic name as entry element | Translating and interpreting. |
| Source of heading or term | BUEsh |
| 9 (RLIN) | 39247 |
| 650 #7 - SUBJECT ADDED ENTRY--TOPICAL TERM | |
| Topical term or geographic name as entry element | Translating and interpreting |
| General subdivision | Study and teaching. |
| Source of heading or term | BUEsh |
| 9 (RLIN) | 40120 |
| 651 ## - SUBJECT ADDED ENTRY--GEOGRAPHIC NAME | |
| Source of heading or term | BUEsh |
| 653 ## - INDEX TERM--UNCONTROLLED | |
| Arrived date list | April2016 |
| -- | June2016 |
| 653 ## - INDEX TERM--UNCONTROLLED | |
| Resource For college | Humanities: English |
| Arrived date list | October2016 |
| 655 ## - INDEX TERM--GENRE/FORM | |
| Form subdivision | Reading book |
| 9 (RLIN) | 34232 |
| 856 ## - ELECTRONIC LOCATION AND ACCESS | |
| Uniform Resource Identifier | <a href="http://cw.routledge.com/textbooks/baker/">http://cw.routledge.com/textbooks/baker/</a> |
| Link text | Interactive companion website |
| 942 ## - ADDED ENTRY ELEMENTS (KOHA) | |
| Source of classification or shelving scheme | Dewey Decimal Classification |
| Edition | 22 |
| Call number prefix | 418.02 BAK |
| Koha item type | Book - Borrowing |
| Withdrawn status | Lost status | Source of classification or shelving scheme | Damaged status | Not for loan | Collection code | Home library | Current library | Shelving location | Date acquired | Source of acquisition | Cost, normal purchase price | Serial Enumeration / chronology | Total Checkouts | Total Renewals | Full call number | Barcode | Date last seen | Date checked out | Cost, replacement price | Price effective from | Koha item type |
|---|---|---|---|---|---|---|---|---|---|---|---|---|---|---|---|---|---|---|---|---|---|
| Dewey Decimal Classification | Central Library | Central Library | Second Floor | 12/04/2016 | Purchase | 276.00 | 229 | 1 | 1 | 418.02 BAK | 000032319 | 15/07/2025 | 31/12/2019 | 345.00 | 12/04/2016 | Book - Borrowing | |||||
| Dewey Decimal Classification | Baccah | Central Library | Central Library | Second Floor | 23/06/2016 | Purchase | 316.00 | 25868 | 1 | 1 | 418.02 BAK | 000032847 | 15/07/2025 | 26/11/2018 | 395.00 | 23/06/2016 | Book - Borrowing | ||||
| Dewey Decimal Classification | Baccah | Central Library | Central Library | Second Floor | 05/10/2016 | Purchase | 334.00 | 26103 | 418.02 BAK | 000033467 | 15/07/2025 | 418.00 | 05/10/2016 | Book - Borrowing |